Filmmusik Quiz #2 - Statistiken

Allgemein
  • Dieses Quiz wurde 14 mal gespielt
  • Das Durchschnittsergebnis liegt bei 6 aus 15
Antwortstatistiken
Hint Antwort % Korrekt
Hedwig's Theme Harry Potter
92%
Imperial March Star Wars
92%
Light of the Seven Game of Thrones
62%
Rafiki's Fireflies The Lion King
62%
Fairytale Shrek
46%
Alan Turing's Legacy The Imitation Game
38%
Hey Mando! The Mandalorian
38%
Ripples in the Sand Dune
31%
Test Drive How To Train Your Dragon
31%
Peach Tree Of Wisdom Kung Fu Panda
31%
An Ocean of Memories Titanic
31%
Married Life Up
31%
Into the Water Avatar 2
23%
Jenny's Grave Forrest Gump
23%
A Close Friend Phantastic Beasts
15%
Keine übereinstimmenden Quizze gefunden
Verteilung der Resultate
Anzahl Personen mit jedem Resultat
Perzentil nach korrekt beantworteten Fragen
Ihre Resultats-Entwicklung
Sie haben dieses Quiz noch nicht gespielt